000 00377nam a2200157Ia 4500
008 151213s9999 xx 000 0 und d
020 _a8054327-7
100 _aM.P. Gupta
245 _aBusiness Statistics
_cM.P. Gupta
260 _aNew Delhi
_bSultan
_c2006
300 _a7161 p.
650 _aStatistics
650 _aStatistics
700 _aM.P. Gupta
999 _c3804
_d3804